[Event "1st Binhai Cup 2018"]
[Site "Tianjin CHN"]
[Date "2018.12.25"]
[Round "1.1"]
[White "Gu, Tianlu"]
[Black "Sethuraman, S.P."]
[Result "0-1"]
[WhiteTitle "WIM"]
[BlackTitle "GM"]
[WhiteElo "2231"]
[BlackElo "2664"]
[WhiteFideId "8603995"]
[BlackFideId "5021596"]
[EventDate "2018.12.25"]

1. e4 g6 2. d4 Bg7 3. Nf3 d6 4. Nc3 a6 5. Be2 b5 6. O-O Bb7 7. a4 b4 8. Na2 Bxe4
9. Nxb4 Nf6 10. a5 O-O 11. Nd2 Bb7 12. Bf3 Qc8 13. Re1 e6 14. c3 c5 15. dxc5
dxc5 16. Nd3 Nbd7 17. Nc4 Bd5 18. Nde5 Nxe5 19. Nxe5 Rb8 20. Qa4 Bxf3 21. Nxf3
Nd5 22. Qh4 Qd8 23. Bg5 f6 24. Bc1 Re8 25. Nd2 Qc7 26. Nc4 Rbd8 27. Be3 Qc6 28.
Nb6 Nxe3 29. Rxe3 Rd2 30. Qc4 Rxb2 31. Qxa6 c4 32. Rd1 f5 33. Qa7 Ra2 34. h3 Qb5
35. Qc7 Qb2 36. Rf3 Ra1 37. Qd7 Rxd1+ 38. Qxd1 Qb5 39. Re3 Kf7 40. Qd6 Bf8 41.
Qd7+ Qxd7 42. Nxd7 Bh6 43. Re2 Bf4 44. g3 Rd8 45. Nb6 Bc7 46. Nxc4 Rd1+ 47. Kg2
Ra1 48. Rb2 Ke7 49. Rb5 Ra2 50. h4 Kd7 51. Ne5+ Kd6 52. Nc4+ Kc6 53. Rb4 e5 54.
Rb1 e4 55. Rd1 Rc2 56. Ne3 Ra2 57. Nc4 Bb8 58. Rb1 Ba7 59. Rb2 Ra4 60. Ne5+ Kd6
61. Nf7+ Kd5 62. Rb5+ Kc6 63. Rb2 Rxa5 64. h5 gxh5 65. Ng5 h6 66. Nf7 Kd5 67.
Nxh6 Ke6 68. Kh3 Kf6 69. Rd2 Kg7 70. Nxf5+ Rxf5 71. Re2 Re5 72. g4 Kf6 73. gxh5
Kf5 74. Kg3 Re7 75. Rb2 Rg7+ 76. Kh2 Kf4 77. h6 Rh7 78. Kg2 Rxh6 79. Rb7 Bc5 80.
Rc7 Rh5 81. Kf1 Rf5 82. Ke2 Kg5 83. Rg7+ Kf6 84. Rg2 Ke5 0-1

[Event "1st Binhai Cup 2018"]
[Site "Tianjin CHN"]
[Date "2018.12.25"]
[Round "1.2"]
[White "Lu, Shanglei"]
[Black "Nie, Xinyang"]
[Result "1-0"]
[WhiteTitle "GM"]
[WhiteElo "2636"]
[BlackElo "2229"]
[WhiteFideId "8603332"]
[BlackFideId "8607222"]
[EventDate "2018.12.25"]

1. e4 d5 2. exd5 Qxd5 3. Nc3 Qa5 4. d4 c6 5. Nf3 Bf5 6. Bc4 e6 7. Bd2 Qc7 8. Qe2
Nf6 9. O-O-O b5 10. Bb3 a5 11. a3 b4 12. Na4 Nbd7 13. Ne5 Be4 14. Nxd7 Kxd7 15.
c4 bxc3 16. Nxc3 Bg6 17. Ba4 Bxa3 18. bxa3 Rhb8 19. Be3 Ne4 20. Nxe4 Bxe4 21.
Qg4 Qd6 22. Qxe4 Qxa3+ 23. Kd2 Qxa4 24. Ke2 Qb5+ 25. Kf3 Qd5 26. Rc1 a4 27. Rc3
Ra6 28. Ra1 Rb4 29. Qxd5+ cxd5 30. Ke2 f6 31. f4 Rb2+ 32. Bd2 Rb7 33. Rca3 Rba7
34. Kd3 h5 35. Bb4 Ra8 36. Bc5 Ra5 37. Rb1 e5 38. fxe5 fxe5 39. Rb7+ Kc6 40.
Rxg7 Rb5 41. Rc3 Rb3 42. Rg6+ Kb7 43. Rxb3+ axb3 44. dxe5 1-0

[Event "1st Binhai Cup 2018"]
[Site "Tianjin CHN"]
[Date "2018.12.25"]
[Round "1.3"]
[White "Li, Yunshan"]
[Black "Ganguly, Surya Shekhar"]
[Result "1/2-1/2"]
[WhiteTitle "WFM"]
[BlackTitle "GM"]
[WhiteElo "2196"]
[BlackElo "2621"]
[WhiteFideId "8607664"]
[BlackFideId "5002150"]
[EventDate "2018.12.25"]

1. d4 Nf6 2. c4 g6 3. Nc3 Bg7 4. e4 d6 5. Nf3 O-O 6. Be2 Na6 7. O-O e5 8. Be3
Ng4 9. Bg5 Qe8 10. dxe5 dxe5 11. h3 f6 12. Bc1 Nh6 13. Rb1 Nc5 14. b4 Ne6 15. c5
Kh8 16. Re1 Bd7 17. Be3 Rd8 18. Qb3 g5 19. b5 g4 20. Bxh6 gxf3 21. Bxg7+ Kxg7
22. Bxf3 Qg6 23. Ne2 Nxc5 24. Qe3 b6 25. Ng3 Qg5 26. Qa3 Ra8 27. Nf5+ Kh8 28. h4
Qg8 29. Ne7 Qg7 30. Nd5 Be6 31. Nb4 Qd7 32. Na6 Nxa6 33. Qxa6 Qd2 34. a3 Qf4 35.
Re3 Rg8 36. Rc1 Bg4 37. Bxg4 Rxg4 38. Rxc7 Rag8 39. g3 Rxh4 40. Rc8 Qg4 41.
Rxg8+ Kxg8 42. Qa4 Rh5 43. Qc4+ Kg7 44. Qc7+ Kg6 45. Qd8 Qh3 46. Qg8+ Kh6 47.
Qf8+ Kg6 48. Qg8+ Kh6 49. Qf8+ Kg6 1/2-1/2

[Event "1st Binhai Cup 2018"]
[Site "Tianjin CHN"]
[Date "2018.12.25"]
[Round "1.4"]
[White "Idani, Pouya"]
[Black "Zhang, Lanlin"]
[Result "1-0"]
[WhiteTitle "GM"]
[WhiteElo "2611"]
[BlackElo "2178"]
[WhiteFideId "12510130"]
[BlackFideId "8608032"]
[EventDate "2018.12.25"]

1. Nf3 Nf6 2. g3 d5 3. Bg2 c5 4. O-O e6 5. c4 d4 6. b4 cxb4 7. a3 Nc6 8. d3 Be7
9. axb4 Nxb4 10. Na3 O-O 11. Nb5 Nc6 12. Bf4 Ne8 13. Ne5 Nxe5 14. Bxe5 Bc5 15.
Qb3 f6 16. Bf4 a5 17. Bd2 Ra6 18. e3 e5 19. exd4 exd4 20. Rfe1 b6 21. h4 Qd7 22.
Bf4 h6 23. Qd1 Bb7 24. Bxb7 Qxb7 25. Qg4 g5 26. hxg5 hxg5 27. Bd2 Ng7 28. Nxd4
Rd8 29. Nb3 a4 30. Nxc5 bxc5 31. Be3 Rxd3 32. Bxc5 Qd7 33. Qe4 Qf5 34. Qb7 Qxc5
35. Qxa6 Rxg3+ 36. Kf1 Rh3 37. Qa8+ Kh7 38. Rxa4 Rh2 39. Re3 Qb6 40. Qf3 g4 41.
Qd5 g3 42. Qd3+ f5 43. Ra2 Qb7 44. Rxg3 Qb6 45. Rh3+ Rxh3 46. Qxh3+ Kg8 47. Ra8+
Kf7 48. Qf3 1-0

[Event "1st Binhai Cup 2018"]
[Site "Tianjin CHN"]
[Date "2018.12.25"]
[Round "1.5"]
[White "Wu, huanghui"]
[Black "Zhao, Jun"]
[Result "0-1"]
[BlackTitle "GM"]
[WhiteElo "2164"]
[BlackElo "2607"]
[WhiteFideId "8623929"]
[BlackFideId "8602522"]
[EventDate "2018.12.25"]

1. d4 Nf6 2. c4 g6 3. Nc3 Bg7 4. e4 d6 5. Be2 O-O 6. Bg5 Na6 7. Nf3 Qe8 8. Qc2
c6 9. a3 Nh5 10. O-O-O Rb8 11. h3 b5 12. g4 b4 13. axb4 Nxb4 14. Qa4 Nf6 15. e5
dxe5 16. Nxe5 Be6 17. Bf3 Nd7 18. Nxc6 Nxc6 19. Bxc6 Qc8 20. Bxd7 Bxd7 21. Qxa7
Ra8 22. Qc5 Qb7 23. Bxe7 0-1

[Event "1st Binhai Cup 2018"]
[Site "Tianjin CHN"]
[Date "2018.12.25"]
[Round "1.6"]
[White "Chigaev, Maksim"]
[Black "Bai, Xue"]
[Result "1-0"]
[WhiteTitle "GM"]
[WhiteElo "2606"]
[BlackElo "2133"]
[WhiteFideId "4108116"]
[BlackFideId "8608717"]
[EventDate "2018.12.25"]

1. e4 e5 2. Nf3 Nc6 3. Bc4 Bc5 4. O-O d6 5. h3 Nf6 6. d3 O-O 7. c3 a6 8. a4 a5
9. Nbd2 Be6 10. b3 Nd7 11. Bb2 Bxc4 12. bxc4 Kh8 13. Rb1 Qf6 14. Re1 Ba7 15. Nf1
Ne7 16. Bc1 Rab8 17. d4 h6 18. Be3 exd4 19. cxd4 Ng6 20. Rb5 Qe7 21. Rxa5 Bb6
22. Rb5 c6 23. Rb3 Ba5 24. Bd2 Bxd2 25. Qxd2 b6 26. Ng3 Rfe8 27. a5 bxa5 28.
Rxb8 Rxb8 29. Qxa5 Nf6 30. e5 dxe5 31. dxe5 Nh7 32. Nf5 Qd7 33. e6 fxe6 34. Nxh6
Rf8 35. Ng4 Nf4 36. Nge5 Qd6 37. g3 1-0

[Event "1st Binhai Cup 2018"]
[Site "Tianjin CHN"]
[Date "2018.12.25"]
[Round "1.7"]
[White "Hu, Zehua"]
[Black "Tabatabaei, M.amin"]
[Result "0-1"]
[BlackTitle "GM"]
[WhiteElo "2104"]
[BlackElo "2587"]
[WhiteFideId "8603472"]
[BlackFideId "12521213"]
[EventDate "2018.12.25"]

1. Nf3 d5 2. d4 Nf6 3. c4 e6 4. g3 Bb4+ 5. Bd2 Be7 6. Bg2 O-O 7. O-O c6 8. Qc2
Nbd7 9. b3 b6 10. Bf4 Ba6 11. Nbd2 Nh5 12. Rfe1 Rc8 13. Qb2 g5 14. Be3 f5 15.
Nf1 g4 16. Ne5 Nxe5 17. dxe5 f4 18. gxf4 Nxf4 19. Bxf4 Rxf4 20. cxd5 cxd5 21.
Rac1 Rxc1 22. Rxc1 Qf8 23. Rc7 Rxf2 24. Ng3 Bc5 25. Rxc5 Qxc5 26. Kh1 Qe3 27.
Qc2 Qxe5 28. Qd1 0-1

[Event "1st Binhai Cup 2018"]
[Site "Tianjin CHN"]
[Date "2018.12.25"]
[Round "1.8"]
[White "Batchuluun, Tsegmed"]
[Black "Li, Haoyu B."]
[Result "0-1"]
[WhiteTitle "GM"]
[WhiteElo "2567"]
[BlackElo "2100"]
[WhiteFideId "4900847"]
[BlackFideId "8610169"]
[EventDate "2018.12.25"]

1. d4 Nf6 2. c4 e6 3. Nc3 d5 4. cxd5 exd5 5. Bg5 Nbd7 6. e3 Be7 7. Bd3 O-O 8.
Nf3 h6 9. Bf4 c6 10. h3 Re8 11. O-O Nf8 12. Qc2 Be6 13. Rab1 a5 14. a3 Bd6 15.
Ne5 Qe7 16. Na4 N6d7 17. Bh2 Bxe5 18. dxe5 b5 19. Nc3 b4 20. Na4 c5 21. e4 c4
22. Be2 b3 23. Qc3 dxe4 24. Rbc1 Qg5 25. Qd4 Bxh3 26. Qxe4 Bf5 27. Qd4 Rad8 28.
f4 Qg6 29. Qxc4 Nb6 30. Qxb3 Nxa4 31. Qxa4 Rd2 32. Rf2 Rb8 33. b4 axb4 34. axb4
Qb6 35. Qa5 Qe3 36. Re1 Rc8 37. Kf1 Bd3 38. Bg1 Rxe2 0-1

[Event "1st Binhai Cup 2018"]
[Site "Tianjin CHN"]
[Date "2018.12.25"]
[Round "1.9"]
[White "Yan, Tianqi"]
[Black "Fier, Alexandr"]
[Result "0-1"]
[BlackTitle "GM"]
[WhiteElo "2098"]
[BlackElo "2558"]
[WhiteFideId "8615250"]
[BlackFideId "2107139"]
[EventDate "2018.12.25"]

1. e4 c5 2. Nf3 e6 3. d4 cxd4 4. Nxd4 Nf6 5. Nc3 d6 6. Be2 Be7 7. O-O O-O 8. Be3
Nc6 9. f4 Bd7 10. Kh1 a6 11. a4 Rc8 12. Qe1 Nb4 13. Qg3 Rxc3 14. bxc3 Nxe4 15.
Qe1 Nd5 16. Bd2 Bh4 17. g3 Bf6 18. Bf3 Nxd2 19. Qxd2 Qa5 20. Ra3 Qc5 21. Rfa1
Nxc3 22. Rxc3 Qxd4 23. Qxd4 Bxd4 24. Rc7 Bxa1 25. Rxd7 d5 26. Rxb7 g6 27. Be2 a5
28. Rc7 Kg7 29. c4 dxc4 30. Bxc4 Kf6 31. Bb5 g5 32. fxg5+ Kxg5 33. Rc5+ Kh6 34.
Bc4 Ra8 35. Kg2 Kg7 36. Kf3 h6 37. g4 Ra7 38. Bb5 Bf6 39. h3 Bh4 40. Rc8 Rb7 41.
Ke2 Be7 42. Kf3 Bb4 43. Bc6 Rb6 44. Be8 Bd6 45. Bb5 Be5 46. Ke4 Bf6 47. Ra8 Bc3
48. Rc8 Be1 49. Rd8 Rb7 50. Rc8 Kf6 51. Kf3 Kg5 52. Rc5+ Kf6 53. Rc8 Bb4 54. Rh8
Kg5 55. h4+ Kxh4 56. Rxh6+ Kg5 57. Rh5+ Kf6 58. Rh1 Rc7 59. Rd1 Kg5 60. Rd7 Rc3+
61. Rd3 Rc2 62. Rd7 Bc5 63. Rd8 Bb6 64. Rg8+ Kf6 65. Rb8 Rc3+ 66. Ke2 Bd4 67.
Rb7 Re3+ 68. Kd2 Rf3 69. Be8 Kg7 70. Bd7 Kg6 71. Bb5 Rf4 72. Be2 Bf6 73. Bd1
Rd4+ 74. Ke2 Rxg4 75. Bc2+ Kg7 76. Kf3 Rc4 77. Bb3 Rc3+ 78. Ke2 Kg6 79. Kd2 Rg3
80. Bc2+ Kg7 81. Bb3 Bc3+ 82. Ke2 Kf6 83. Kf2 Rh3 84. Ke2 Rh4 85. Kd3 Bb4 86.
Bc4 Rf4 87. Bb5 Ke5 88. Ke3 f5 89. Bd7 Bc5+ 90. Ke2 Kd6 91. Be8 e5 92. Rd7+ Ke6
93. Rc7 Bd4 94. Rc4 Rf2+ 95. Ke1 Rb2 96. Rc6+ Kd5 97. Rf6 Ke4 98. Bg6 Ke3 99.
Kf1 f4 100. Ra6 f3 101. Rc6 Rh2 0-1

[Event "1st Binhai Cup 2018"]
[Site "Tianjin CHN"]
[Date "2018.12.25"]
[Round "1.10"]
[White "Sivuk, Vitaly"]
[Black "Yu, Lei"]
[Result "1-0"]
[WhiteTitle "GM"]
[WhiteElo "2542"]
[BlackElo "2074"]
[WhiteFideId "14116502"]
[BlackFideId "8620733"]
[EventDate "2018.12.25"]

1. d4 d5 2. c4 dxc4 3. e4 c5 4. d5 Nf6 5. Nc3 e5 6. Nf3 Bd6 7. Nd2 a6 8. a4 Nbd7
9. Nxc4 Nb6 10. Ne3 O-O 11. a5 Nbd7 12. Nc4 Ne8 13. Be2 b5 14. axb6 Nxb6 15. Na5
f5 16. O-O f4 17. Bd2 Qh4 18. f3 Rf6 19. Be1 Qh5 20. g4 fxg3 21. Bxg3 c4 22. Kh1
Rg6 23. Rg1 Bc5 24. Nc6 Kh8 25. f4 1-0

[Event "1st Binhai Cup 2018"]
[Site "Tianjin CHN"]
[Date "2018.12.25"]
[Round "1.11"]
[White "Wang, Zideng"]
[Black "Zeng, Chongsheng"]
[Result "0-1"]
[WhiteTitle "CM"]
[BlackTitle "GM"]
[WhiteElo "2068"]
[BlackElo "2535"]
[WhiteFideId "8614350"]
[BlackFideId "8603847"]
[EventDate "2018.12.25"]

1. d4 Nf6 2. c4 g6 3. Nc3 d5 4. cxd5 Nxd5 5. e4 Nxc3 6. bxc3 Bg7 7. Be3 c5 8.
Qd2 Qa5 9. Nf3 Nc6 10. Rc1 cxd4 11. cxd4 Qxd2+ 12. Kxd2 O-O 13. Bb5 f5 14. Bxc6
bxc6 15. exf5 Bxf5 16. Ne5 Bxe5 17. dxe5 Rad8+ 18. Kc3 Rd5 19. Kb2 Rb8+ 20. Ka1
a5 21. Rc5 a4 22. Rxd5 cxd5 23. Bc5 Kf7 24. Rc1 Ke6 25. a3 Rb3 26. Bb4 d4 27.
Rd1 Kxe5 28. Rd2 e6 29. Rb2 Rd3 30. Rd2 Ke4 31. Kb2 Rb3+ 32. Kc1 e5 33. Rb2 Kd3
34. Rxb3+ axb3 35. Bd6 e4 36. Kb2 Ke2 0-1

[Event "1st Binhai Cup 2018"]
[Site "Tianjin CHN"]
[Date "2018.12.25"]
[Round "1.12"]
[White "Xu, Yinglun"]
[Black "Jiang, Qinyu"]
[Result "1-0"]
[WhiteTitle "GM"]
[WhiteElo "2531"]
[BlackElo "2037"]
[WhiteFideId "8604940"]
[BlackFideId "8612927"]
[EventDate "2018.12.25"]

1. d4 Nf6 2. c4 g6 3. Nc3 d5 4. Nf3 Bg7 5. e3 O-O 6. Be2 c5 7. dxc5 dxc4 8. O-O
Nc6 9. Qa4 Nd5 10. Qxc4 Nxc3 11. bxc3 Be6 12. Qh4 f6 13. Bc4 Qc8 14. Qe4 Nd8 15.
Ba3 Kh8 16. Bxe6 Qxe6 17. Qxe6 Nxe6 18. c6 bxc6 19. Bxe7 Rf7 20. Ba3 c5 21. Rad1
Rb7 22. Rd5 Rb6 23. Rfd1 Bf8 24. c4 Rab8 25. Bc1 Ra6 26. R5d2 Bg7 27. Kf1 f5 28.
Rc2 Kg8 29. Ke2 Rb4 30. Rd7 Kf8 31. h3 Ke8 32. Rd5 Ke7 33. g4 fxg4 34. hxg4 Rd6
35. Ba3 Rxc4 36. Rxc5 Rxc5 37. Rxc5 Nxc5 38. Bxc5 Kd7 39. Bxd6 Kxd6 40. Kd3 Kd5
41. e4+ Kc5 42. Ng5 Kd6 43. Nxh7 Bb2 44. f4 Bc1 45. e5+ Kd5 46. Nf6+ Ke6 47. Ke4
Ba3 48. Nd5 a5 49. f5+ gxf5+ 50. gxf5+ Kf7 51. e6+ Ke8 52. f6 Kf8 53. Nc7 Bd6
54. e7+ Bxe7 55. fxe7+ Kxe7 56. Kd5 Kd7 57. Na6 a4 58. Nc5+ Kc7 59. Nxa4 Kb7 60.
Kc5 Ka6 61. Kb4 Kb7 62. Kb5 Ka7 63. Nc5 Kb8 64. Kb6 Ka8 65. a4 Kb8 66. a5 Ka8
67. Ne6 Kb8 68. a6 Ka8 69. Nc7+ 1-0

[Event "1st Binhai Cup 2018"]
[Site "Tianjin CHN"]
[Date "2018.12.25"]
[Round "1.13"]
[White "Yang, Yijing"]
[Black "Liu, Yan"]
[Result "0-1"]
[WhiteTitle "WCM"]
[BlackTitle "GM"]
[WhiteElo "2035"]
[BlackElo "2495"]
[WhiteFideId "8608601"]
[BlackFideId "8608962"]
[EventDate "2018.12.25"]

1. d4 Nf6 2. c4 e6 3. Nf3 Bb4+ 4. Bd2 c5 5. Bxb4 cxb4 6. g3 a5 7. Bg2 O-O 8. a3
Na6 9. O-O d6 10. axb4 Nxb4 11. Nc3 b6 12. Ne1 d5 13. Nc2 Ba6 14. cxd5 Nbxd5 15.
Nxd5 Nxd5 16. Re1 Bb7 17. e4 Nf6 18. Qd3 Qd7 19. Ne3 Rfd8 20. Red1 Qe7 21. d5
Qb4 22. Qc3 Qxc3 23. bxc3 exd5 24. exd5 a4 25. c4 g6 26. Rdb1 Nd7 27. Rb4 Nc5
28. Rxb6 Ba6 29. Bf1 Rab8 30. Rab1 Rxb6 31. Rxb6 Kf8 32. Nc2 Ke7 33. f3 Rd6 34.
Rb4 Bc8 35. Kf2 Bd7 36. Ke3 Ra6 37. Na3 Kd6 38. Be2 Ra7 39. Bd1 Na6 40. Rb2 Kc5
41. Kd3 Be8 42. Kc3 Bd7 43. Nc2 Be8 44. Ne1 a3 45. Nd3+ Kd6 46. Ra2 Nc5 47. Nc1
Bd7 48. Kb4 Rb7+ 49. Kc3 Rb1 50. Kc2 Bf5+ 51. Kd2 Rb2+ 52. Kc3 Rb1 53. Kd2 h5
54. h3 Rb2+ 55. Kc3 Rxa2 56. Nxa2 Bxh3 57. f4 Ne4+ 58. Kd4 Nxg3 59. c5+ Ke7 60.
d6+ Kd8 61. c6 Be6 62. Nb4 a2 63. Nxa2 Bxa2 64. Bf3 Bb1 65. c7+ Kc8 66. Bc6 Bf5
67. Ke3 0-1

[Event "1st Binhai Cup 2018"]
[Site "Tianjin CHN"]
[Date "2018.12.25"]
[Round "1.14"]
[White "Dai, Changren"]
[Black "Hu, Yu A."]
[Result "1-0"]
[WhiteTitle "IM"]
[WhiteElo "2464"]
[BlackElo "2032"]
[WhiteFideId "8608156"]
[BlackFideId "8609993"]
[EventDate "2018.12.25"]

1. e4 c5 2. Ne2 d6 3. g3 g6 4. Bg2 Bg7 5. c3 Nc6 6. O-O Nf6 7. d4 cxd4 8. cxd4
O-O 9. h3 e5 10. d5 Ne7 11. Nbc3 Ne8 12. Bg5 f6 13. Be3 f5 14. f4 fxe4 15. Nxe4
Nf5 16. Bf2 exf4 17. Nxf4 Bxb2 18. Rb1 Be5 19. Ne6 Bxe6 20. dxe6 Kh8 21. g4 Rg8
22. Rxb7 Nc7 23. Qc1 Nxe6 24. gxf5 Nf4 25. f6 1-0

[Event "1st Binhai Cup 2018"]
[Site "Tianjin CHN"]
[Date "2018.12.25"]
[Round "1.15"]
[White "Zhang, Xiao"]
[Black "Peng, Xiongjian"]
[Result "0-1"]
[WhiteElo "2017"]
[BlackElo "2438"]
[WhiteFideId "8610894"]
[BlackFideId "8610550"]
[EventDate "2018.12.25"]

1. d4 c5 2. d5 Nf6 3. c4 b5 4. cxb5 a6 5. bxa6 Bxa6 6. Nc3 d6 7. e4 Bxf1 8. Kxf1
g6 9. Nf3 Bg7 10. g3 O-O 11. Kg2 Nbd7 12. Re1 Qb6 13. Nd2 Qa6 14. f4 Rfb8 15.
Qe2 Ne8 16. Nf3 Nb6 17. Qc2 Na4 18. Nxa4 Qxa4 19. Qxa4 Rxa4 20. a3 Nc7 21. Nd2
c4 22. Rb1 Nb5 23. b3 Nxa3 24. bxa4 Nxb1 25. Nxc4 Rb4 26. Na5 Rxa4 27. Nc6 Kf8
28. Kf3 Ra2 29. Re2 Rxe2 30. Kxe2 f5 31. exf5 Nc3+ 32. Kd3 gxf5 33. Kc4 Nd1 34.
Bd2 Kf7 35. Nd8+ Kg6 36. Kb5 Nb2 37. Kc6 Nc4 38. Bc1 Bc3 39. Kb5 Bd2 40. Kxc4
Bxc1 41. Kb5 Be3 42. Kc6 Bg1 43. Kd7 Bxh2 44. Kxe7 Bxg3 45. Kxd6 h5 46. Ke5 h4
47. Nc6 Kh5 48. Nd4 Kg4 49. Ne2 Be1 50. Ng1 Bf2 51. Nh3 Kxh3 52. Kxf5 Kg3 53. d6
h3 54. d7 Bb6 0-1

[Event "1st Binhai Cup 2018"]
[Site "Tianjin CHN"]
[Date "2018.12.25"]
[Round "1.16"]
[White "Liu, Guanchu"]
[Black "Chen, KaiLin"]
[Result "1-0"]
[WhiteTitle "IM"]
[WhiteElo "2432"]
[BlackElo "2016"]
[WhiteFideId "8603901"]
[BlackFideId "8620954"]
[EventDate "2018.12.25"]

1. e4 e6 2. d4 d5 3. e5 c5 4. c3 Qb6 5. Nf3 Nc6 6. a3 Nh6 7. b4 cxd4 8. Bxh6
gxh6 9. cxd4 Rg8 10. Nc3 Rg4 11. h3 Rxd4 12. Nxd4 Qxd4 13. Qxd4 Nxd4 14. Nb5
Nxb5 15. Bxb5+ Bd7 16. Bd3 b5 17. Ke2 a5 18. f4 axb4 19. axb4 Rxa1 20. Rxa1 Bxb4
21. Ra8+ Ke7 22. Ra7 Ke8 23. Rb7 Bc3 24. Bxb5 Bxb5+ 25. Rxb5 Kf8 26. Kd3 Be1 27.
f5 exf5 28. Rxd5 Bg3 29. Rb5 Kg7 30. Kd4 Bh4 31. Kd5 Bf2 32. Ra5 Bh4 33. Ra4 Bg3
34. Ra7 Kg6 35. Ra6+ Kg7 36. Rf6 f4 37. Ke4 Bh2 38. Kf5 Bg3 39. Rb6 h5 40. Rb7
Kg8 41. Rb5 h6 42. Rb8+ Kg7 43. Rb7 Kg8 44. e6 fxe6+ 45. Kxe6 Bh4 46. Kf5 Kf8
47. Kg6 1-0

[Event "1st Binhai Cup 2018"]
[Site "Tianjin CHN"]
[Date "2018.12.25"]
[Round "1.17"]
[White "Wang, Xiaoyan"]
[Black "Li, Yankai"]
[Result "0-1"]
[WhiteElo "1943"]
[BlackElo "2427"]
[WhiteFideId "8623015"]
[BlackFideId "8609357"]
[EventDate "2018.12.25"]

1. d4 f5 2. c4 Nf6 3. Nf3 g6 4. g3 Bg7 5. Bg2 O-O 6. O-O d6 7. Nc3 Nc6 8. Qb3 h6
9. Rd1 g5 10. c5+ e6 11. d5 exd5 12. Nxd5 Kh8 13. cxd6 cxd6 14. Nb4 Ne4 15. Nxc6
bxc6 16. Be3 Qe7 17. Bd4 Be6 18. Qd3 c5 19. Bxg7+ Kxg7 20. Nd2 d5 21. g4 Rae8
22. Rac1 Nxd2 23. Rxd2 fxg4 24. Qc3+ d4 25. Qxc5 Qxc5 26. Rxc5 Rc8 27. Rdc2 Rxc5
28. Rxc5 Bxa2 29. Ra5 Bc4 30. Rxa7+ Kf6 31. Rd7 Bxe2 32. Rxd4 Rc8 33. Rd6+ Ke5
34. Rc6 Rd8 35. Rc1 Rd2 36. b3 h5 37. Bf1 Bf3 38. b4 Rb2 39. b5 h4 40. Rc5+ Kf6
41. Rc1 Rb4 42. Ra1 Ke5 43. Re1+ Kf4 44. Rc1 Be4 45. Ra1 g3 46. hxg3+ hxg3 47.
Ra7 Rb1 48. Rf7+ Kg4 49. fxg3 Kxg3 50. Rc7 Bd3 51. Rf7 Bxb5 52. Kh1 Bxf1 0-1

[Event "1st Binhai Cup 2018"]
[Site "Tianjin CHN"]
[Date "2018.12.25"]
[Round "1.18"]
[White "Zhu, Jiner"]
[Black "Wang, Zijian"]
[Result "1-0"]
[WhiteTitle "WIM"]
[WhiteElo "2409"]
[BlackElo "1839"]
[WhiteFideId "8608059"]
[BlackFideId "8619034"]
[EventDate "2018.12.25"]

1. e4 Nc6 2. d4 d5 3. e5 Bf5 4. h4 h5 5. c3 e6 6. Bd3 Bxd3 7. Qxd3 Nh6 8. g3 Nf5
9. Nh3 Qd7 10. Nf4 O-O-O 11. Nd2 Qe8 12. Nf3 f6 13. O-O fxe5 14. dxe5 Bc5 15.
Kg2 Bb6 16. Bd2 Nh6 17. Ng6 Rg8 18. b4 Ng4 19. a4 a5 20. b5 Nb8 21. Qc2 Rd7 22.
Ng5 d4 23. cxd4 Bxd4 24. Rac1 b6 25. Nf4 Bxe5 26. Rfe1 Qd8 27. Re2 Bxf4 28. Nxe6
Bxd2 29. Nxd8 Rgxd8 30. Rd1 Bb4 31. Rxd7 Nxd7 32. Qg6 Ndf6 33. Qxg7 Re8 34.
Rxe8+ Nxe8 35. Qf7 Nef6 36. Qe6+ Kb8 37. f3 1-0

[Event "1st Binhai Cup 2018"]
[Site "Tianjin CHN"]
[Date "2018.12.25"]
[Round "1.19"]
[White "Zhong, Kangmin"]
[Black "Popov, Mikhail"]
[Result "0-1"]
[BlackTitle "FM"]
[WhiteElo "1825"]
[BlackElo "2388"]
[WhiteFideId "8618887"]
[BlackFideId "4146182"]
[EventDate "2018.12.25"]

1. d4 Nf6 2. Nf3 g6 3. c4 Bg7 4. Nc3 O-O 5. e4 d6 6. Be2 Na6 7. O-O e5 8. Be3 c6
9. Qc2 exd4 10. Bxd4 Re8 11. Rad1 Qc7 12. c5 dxc5 13. Be3 b6 14. Qc1 Bb7 15. Bf4
Qc8 16. Ng5 Nc7 17. Bc4 Ne6 18. Nxe6 fxe6 19. e5 Nd5 20. Ne4 Rf8 21. Bh6 Qc7 22.
Bxg7 Qxg7 23. f4 a5 24. Nd6 Ba6 25. Bxa6 Rxa6 26. Qc4 Ra7 27. Rxd5 cxd5 28. Qb5
Qc7 29. Ne8 Qd7 30. Nd6 Qxb5 31. Nxb5 Rd7 32. g3 g5 33. Kg2 gxf4 34. gxf4 Rg7+
35. Kf3 Rxf4+ 0-1

[Event "1st Binhai Cup 2018"]
[Site "Tianjin CHN"]
[Date "2018.12.25"]
[Round "1.20"]
[White "Zhao, Yuanhe"]
[Black "Li, Yihao"]
[Result "1-0"]
[WhiteElo "2388"]
[BlackElo "1809"]
[WhiteFideId "8609497"]
[BlackFideId "8616299"]
[EventDate "2018.12.25"]

1. d4 Nf6 2. c4 g6 3. Nc3 d5 4. cxd5 Nxd5 5. e4 Nxc3 6. bxc3 Bg7 7. Nf3 c5 8. h3
Nc6 9. Be3 O-O 10. Be2 Qa5 11. O-O cxd4 12. cxd4 Rd8 13. d5 Bxa1 14. Qxa1 Nb4
15. Bh6 f6 16. Bc4 Qc5 17. Rc1 Qd6 18. e5 fxe5 19. Nxe5 Qf6 20. d6+ e6 21. d7 b5
22. Bg5 Qf5 23. Bxd8 bxc4 24. Ng4 Qf4 25. Bc7 1-0

[Event "1st Binhai Cup 2018"]
[Site "Tianjin CHN"]
[Date "2018.12.25"]
[Round "1.21"]
[White "Stones, Rebecca"]
[Black "Chen, Fan"]
[Result "1/2-1/2"]
[BlackTitle "FM"]
[WhiteElo "1792"]
[BlackElo "2370"]
[WhiteFideId "3208281"]
[BlackFideId "8600767"]
[EventDate "2018.12.25"]

1. d4 d5 2. c4 c6 3. Nf3 Nf6 4. Nc3 a6 5. cxd5 cxd5 6. Bf4 Nc6 7. e3 Bg4 8. Be2
e6 9. O-O Be7 10. h3 Bh5 11. Rc1 O-O 12. Ne5 Bxe2 13. Nxc6 Bxd1 14. Nxd8 Rfxd8
15. Rfxd1 Rac8 16. Na4 Nd7 17. Bc7 Re8 18. Ba5 f5 19. Nb6 Nxb6 20. Bxb6 Bd6 21.
Bc5 Bb8 22. Rc3 Rc6 23. Rdc1 Rec8 24. f4 Kf7 25. Kf2 Ke8 26. Bb4 Rxc3 27. Rxc3
Rxc3 28. Bxc3 Bd6 29. Ke2 h6 30. Be1 g5 31. Bg3 h5 32. h4 gxf4 33. Bxf4 Bxf4 34.
exf4 Kd7 35. Kd3 Kc6 36. Kc3 Kb5 37. Kb3 a5 38. a4+ Kc6 39. Kc3 1/2-1/2

[Event "1st Binhai Cup 2018"]
[Site "Tianjin CHN"]
[Date "2018.12.25"]
[Round "1.22"]
[White "Padmini, Rout"]
[Black "Lu, Miaoyi"]
[Result "1-0"]
[WhiteTitle "IM"]
[WhiteElo "2345"]
[BlackElo "1737"]
[WhiteFideId "5029295"]
[BlackFideId "8618020"]
[EventDate "2018.12.25"]

1. Nf3 d5 2. g3 Bf5 3. Bg2 Nf6 4. d3 e6 5. c4 c6 6. Qb3 Qc8 7. O-O h6 8. Nc3
Nbd7 9. cxd5 exd5 10. e4 dxe4 11. dxe4 Be6 12. Qc2 Be7 13. Nd4 O-O 14. Nxe6 fxe6
15. Bh3 e5 16. Nd1 Qc7 17. Ne3 Nc5 18. f3 Rad8 19. Nf5 Nd3 20. Be3 b6 21. Rad1
Nc5 22. b4 Nb7 23. Qxc6 Bd6 24. Rxd6 Qb8 25. Ne7+ Kf7 26. Rxf6+ gxf6 27. Qe6+
Kg7 28. Nf5+ Kg6 29. Nh4+ Kg7 30. Qg4+ Kf7 31. Qg6+ Ke7 32. Qg7+ Kd6 33. Rd1+
Kc6 34. Bd7+ Kc7 35. Bb5+ Kc8 36. Rc1+ Nc5 37. Ba6+ 1-0